Quizzes
Events
Quiz Creation
Community
Videos
Private Events
Remove Ads
Sign In
Join for FREE
Feedback
Dark Mode
Quiz Categories
Sports
Geography
Music
Movies
Television
Just For Fun
Miscellaneous
History
Literature
Language
Science
Gaming
Entertainment
Religion
Holiday
For Kids
Quiz Lab
Recent
Popular Today
Quiz Kudos Today
Editor Picks
Curator Picks
Quizzes by...
Day
Popularity
Type
Ratings
Length
Year
Community
Subscriptions
Recent Discussions
Orange Saloon
Badges
Playlists
Quests
Create
Leaderboards
Showdown
Live 5
Trivia Bingo
Activity
Puzzle Library
Sporcle Events
Private Events
Virtual Trivia
Globe League
Become a Host
Pub Owners
SporcleCon
Opinionation
Our Games
Videos
Blog
Mobile Apps
Partnerships
Remove Ads and Go Orange
Feedback
Sports
Athletes
MLB
NBA
NHL
NFL
Soccer
Sports Teams
WWE
NCAA
Football
Premier League
Basketball
Baseball
Hockey
Golf
Tennis
Cricket
Rugby
Auto Racing
Olympics
World Cup
Sports
Athletes
MLB
NBA
NHL
NFL
Soccer
Sports Teams
WWE
NCAA
Football
Premier League
Basketball
Baseball
Hockey
Golf
Tennis
Cricket
Rugby
Auto Racing
Olympics
World Cup
Random Quiz
Search Sporcle
×
Quiz Lab
Quiz Lab
Sports
Cross-country
Type in answers that appear in a list
Type in answers that appear in a list
Classic
Best Score? Go Orange.
Calvin Men's 10k Stud List Stats
Can you name the Calvin Men's 10k Stud List
By
joshfergs
15m
43 Questions
19 Plays
19 Plays
19 Plays
Comments
Comments
Give Quiz Kudos
Give Quiz Kudos
-
- Ratings
hide this ad
Replay
Link that replays current quiz
Next Quiz
Link to next quiz in quiz playlist
You Got
0%
They Got
Avg Score
63%
Avg Friend Score
Upgrade to see
Score Distribution
Jump to the score distribution portion of the page
Score
0/43
Timer
15:00
0
Plays Today
Time
Runner
% Correct
29:39.99
Dan Kerr
100%
29:43.17
Matt VanderRoest
89.5%
30:06.94
Tim Finnegan
89.5%
30:16.42
Nick Kramer
89.5%
30:21.10
Jed Christiansen
89.5%
30:41.12
Job Christiansen
89.5%
31:08.65
Phil Spitzer
89.5%
31:17.38
David Vandebunte
89.5%
31:25.23
Jake Christiansen
89.5%
30:37.69
Rhett Morici
84.2%
31:10.10
Ethan Anderson
84.2%
31:53.10
Gabe Gunnink
84.2%
31:54.65
Josh Ferguson
84.2%
29:36.82
Joel Klooster
78.9%
31:38.46
Jon Gries
78.9%
29:49.87
Matt Edwards
73.7%
29:57.61
David Haagsma
73.7%
30:19.83
Dan Hoekstra
73.7%
31:00.00
John Lumkes
73.7%
29:56.00
Ray VanArragon
68.4%
30:09.21
Kris Koster
68.4%
30:26.96
Erik VanKampen
63.2%
Time
Runner
% Correct
30:48.13
Harrison Jorritsma
63.2%
31:59.67
Aaron Iverson
63.2%
30:25.27
Tim Avery
52.6%
31:17.89
Rich Church
52.6%
31:21.50
Kurt Mast
52.6%
31:24.00
John Brink
52.6%
31:54.40
Jeff Avery
52.6%
30:30.90
Thad Karnehm
47.4%
30:45.90
Paul Petersen
47.4%
30:54.40
Brian Maat
47.4%
30:54.73
Justin Pfruender
47.4%
31:10.30
David Riemersma
47.4%
30:45.65
Nate Lewis
42.1%
31:18.50
Rob Hyde
42.1%
31:07.00
Cameron Harrison
36.8%
31:09.24
Dan Mackay
36.8%
31:25.32
Kent Frens
36.8%
30:55.00
Ryan LaFluer
21.1%
31:29.60
Doug Diekema
21.1%
31:35.73
Tim Langenberg
21.1%
31:43.96
Ben Hammer
21.1%
Quiz Playlist
Details
Report
Send in Message
Add To Playlist
Classic:
Type in answers that appear in a list
Quiz Source
Last Updated: Feb 16, 2017
Quiz Scoreboard
CHALLENGE
Sign Up to Join the Scoreboard
Show All
Scores
Hide
Comments
May contain spoilers
Recently Published
An Introduction to Baseball
by treessimontrees
Sports
5m
Movies - When Are They Set?
by FPL_Elf
Movies
5m
Popular People in 1961
by mucciniale
History
6m
More to Explore
Quiz From the Vault
Featured Blog Post
Where Did the Easter Bunny Come From?
hide this ad
You Might Also Like...
Tags
Calvin College
Cross-country
Men Track
track
Track and Field
Today's Top Quizzes in Sports
Browse Sports
hide this ad
Top Contributed Quizzes in Sports
1
Les meilleurs buteurs des matchs entre le PSG et l’OM
2
2022 World Cup Stars
3
FIFA Club World Cup Champions
4
Les entraîneurs de l'OM et du PSG au 21e siècle
5
Name the Premier League winners with different clubs
6
La finale Lions - Afrique du Sud 2021
7
Criteria MLB: Left Handed Sluggers
8
Les joueurs passés par le LOSC et le RC Lens
9
Players with Multiple 50 Home Run Seasons
10
MLB Players with Two .350 Batting Average Seasons
Explore More
Trending Topics
Harry Potter
NBA
Crossword
Kpop
Disney
Marvel
Anime
The Office
Country
Soccer
NFL
Puzzle
Pokémon
Song
WWE
hide this ad
More By:
joshfergs
Quiz
Plays
Rating
Category
Featured
Created
Calvin Mens' 5k Stud List
31
5.00
Sports
Oct 16, 2014
Calvin Mens' 5k Stud List
31
5.00
Sports
Oct 16, 2014
Calvin Men's 10k Stud List
19
5.00
Sports
Oct 16, 2014
Calvin Men's Steeple Stud List
12
5.00
Sports
Oct 16, 2014
Calvin Women's 5k Stud List
7
5.00
Sports
Oct 16, 2014
Go to Creator's Profile
Score Distribution
Quiz Creator Spotlight
joshfergs
Follow
Send a Message
Quizzes Created
-
Created Quiz Play Count
-
More By This Creator
Popular Quizzes Today
1
Find the Countries of Europe - No Outlines Minefield
2
Find the US States - No Outlines Minefield
3
The Countries of the World
4
Popular People in 1961
5
US States
6
1-10 Letter E Words III
7
Find the US States
8
Risky Map Clicking: Biggest States A-Z
More Sports Quizzes
2021-22 NFL Playoff Teams Minefield
Published
Trending Quizzes
Risky Map Clicking: Least Populous States A-Z
1-10 Letter F Words
1-10 Letter G Words
One Thing in Common: United Kingdom
Risky Map Clicking: Next State Alphabetically
Recently Updated
Leaping Animals
pecheneg
Reality TV Shows (A-Z)
bhenderson79
Rickey Henderson's Hall of Fame Teammates
pecheneg
Champions League XIs: Arsenal
pecheneg
Quick Pick: Celebrities in WWE's Hall of Fame
aduchscher
A-Z Keypad Blitz II
pecheneg
Multiple Oscar Actors
pecheneg
Mystery Phrase Blitz: Oscar 'Best Actors'
pecheneg
F. Scott Fitzgerald Novels
LTH
Pick 3 Villains
ddd62291
Trending Topics
Crossword
Disney
Anime
NBA
Harry Potter
Kpop
Marvel
Puzzle
Soccer
Song
NFL
Country
Pokémon
The Office
WWE
Your Account Isn't Verified!
In order to create a playlist on Sporcle, you need to verify the email address you used during registration. Go to your
Sporcle Settings
to finish the process.
Report this User
Report this user for behavior that violates our
Community Guidelines
.
Details:
Send Report
Go to the Sporcle.com Mobile Site →
Comments